| 000 -LEADER |
| fixed length control field |
01491cam a2200277 a 4500 |
| 001 - CONTROL NUMBER |
| control field |
14881721 |
| 003 - CONTROL NUMBER IDENTIFIER |
| control field |
NUST |
| 005 - DATE AND TIME OF LATEST TRANSACTION |
| control field |
20221028190736.0 |
| 008 - FIXED-LENGTH DATA ELEMENTS--GENERAL INFORMATION |
| fixed length control field |
070606s2007 nyua bf 001 0 eng |
| 010 ## - LIBRARY OF CONGRESS CONTROL NUMBER |
| LC control number |
2007930331 |
| 020 ## - INTERNATIONAL STANDARD BOOK NUMBER |
| International Standard Book Number |
9783540721215 (acidfree paper) |
| 040 ## - CATALOGING SOURCE |
| Original cataloging agency |
DLC |
| Transcribing agency |
DLC |
| Modifying agency |
DLC |
| 041 1# - LANGUAGE CODE |
| Language code of text/sound track or separate title |
eng |
| Language code of original |
ger |
| -- |
rus |
| 050 00 - LIBRARY OF CONGRESS CALL NUMBER |
| Classification number |
QA40 |
| Item number |
.S6813 2007 |
| 082 00 - DEWEY DECIMAL CLASSIFICATION NUMBER |
| Classification number |
510,BRO |
| Edition number |
22 |
| 100 ## - MAIN ENTRY--PERSONAL NAME |
| Personal name |
Bronshtein , I.N. |
| 9 (RLIN) |
101702 |
| 130 0# - MAIN ENTRY--UNIFORM TITLE |
| Uniform title |
Spravochnik po matematike. |
| Language of a work |
English. |
| 9 (RLIN) |
101703 |
| 245 10 - TITLE STATEMENT |
| Title |
Handbook of mathematics / |
| Statement of responsibility, etc. |
I.N. Bronshtein ... [et al.]. |
| 250 ## - EDITION STATEMENT |
| Edition statement |
5th ed. |
| 260 ## - PUBLICATION, DISTRIBUTION, ETC. |
| Place of publication, distribution, etc. |
Berlin ; |
| -- |
New York : |
| Name of publisher, distributor, etc. |
Springer, |
| Date of publication, distribution, etc. |
c2007. |
| 300 ## - PHYSICAL DESCRIPTION |
| Extent |
xliii, 1159 p. : |
| Other physical details |
ill. ; |
| Dimensions |
21 cm. |
| 505 ## - FORMATTED CONTENTS NOTE |
| Formatted contents note |
Arithmetic (Page-1), Functions (Page-47), Geometry (Page-128), Linear Algebra (Page-251), Algebra and Discrete Mathematics (Page-286), Differentiation (Page-379), Infinite Series (page-404), Integral Calculus (Page-Differential Equations (Page-487), Calculus of Variations (Page-552), Functional Analysis (Page-596), Vector Analysis and Vector Fields (Page-642), Function Theory (Page-671), Integral Transformations (Page-707), Probability Theory and Mathematical Statistics (Page-745), Optimization (Page-846), Numerical Analysis (Page-884), Computer Algebra Systems (Page-9530, Tables (Page-1010), Bibliography (Page-1098). |
| 650 #0 - SUBJECT ADDED ENTRY--TOPICAL TERM |
| Topical term or geographic name entry element |
Mathematics |
| Form subdivision |
Handbooks, manuals, etc. |
| 9 (RLIN) |
101704 |
| 700 1# - ADDED ENTRY--PERSONAL NAME |
| Personal name |
Bronshteĭn, I. N. |
| Fuller form of name |
(Ilʹi︠a︡ Nikolaevich) |
| 9 (RLIN) |
101705 |
| 942 ## - ADDED ENTRY ELEMENTS (KOHA) |
| Source of classification or shelving scheme |
|
| Koha item type |
Book |
| Call number prefix |
510,BRO |